The Church in the Struggle for Democracy in Kenya (Record no. 234)
[ view plain ]
| 000 -LEADER | |
|---|---|
| fixed length control field | 00371nam a22001337a 4500 |
| 008 - FIXED-LENGTH DATA ELEMENTS--GENERAL INFORMATION | |
| fixed length control field | 230605b xxu||||| |||| 00| 0 eng d |
| 020 ## - INTERNATIONAL STANDARD BOOK NUMBER | |
| International Standard Book Number | 9966769765 |
| 082 ## - DEWEY DECIMAL CLASSIFICATION NUMBER | |
| Classification number | 322.16762 |
| Item number | OWU |
| 100 ## - MAIN ENTRY--PERSONAL NAME | |
| Titles and words associated with a name | Solomon Owuoche |
| 245 ## - TITLE STATEMENT | |
| Title | The Church in the Struggle for Democracy in Kenya |
| 260 ## - PUBLICATION, DISTRIBUTION, ETC. (IMPRINT) | |
| Place of publication, distribution, etc. | Nairobi, Kenya |
| Name of publisher, distributor, etc. | MvuleAfrica Publishers |
| Date of publication, distribution, etc. | 2010 |
| 300 ## - PHYSICAL DESCRIPTION | |
| Extent | VIII,136p |
| 942 ## - ADDED ENTRY ELEMENTS (KOHA) | |
| Source of classification or shelving scheme | Dewey Decimal Classification |
| Koha item type | Books |
| Withdrawn status | Lost status | Source of classification or shelving scheme | Damaged status | Not for loan | Home library | Current library | Date acquired | Total Checkouts | Full call number | Barcode | Date last seen | Price effective from | Koha item type | Checked out |
|---|---|---|---|---|---|---|---|---|---|---|---|---|---|---|
| Dewey Decimal Classification | Bunge Tower Library | Bunge Tower Library | 06/05/2023 | 322.16762 OWU | 10015738 | 06/05/2023 | 06/05/2023 | Books | ||||||
| Dewey Decimal Classification | Bunge Tower Library | Bunge Tower Library | 06/05/2023 | 322.16762 OWU | 10015740 | 06/05/2023 | 06/05/2023 | Books | ||||||
| Dewey Decimal Classification | Bunge Tower Library | Bunge Tower Library | 06/05/2023 | 322.16762 OWU | 06/05/2023 | 06/05/2023 | Books | 03/24/2020 | ||||||
| Dewey Decimal Classification | Bunge Tower Library | Bunge Tower Library | 06/05/2023 | 322.16762 OWU | 10015739 | 06/05/2023 | 06/05/2023 | Books |
